=LDR 00000nam 2200000 4500 =001 INLIS000000000019960 =005 20130612114950 =008 ***********************************ind** =035 ##$$a0010-061300000019960 =041 ##$$a ind =082 ##$$a 616.462 =090 ##$$a 616.462, 'Die w =100 ##$$a Diehl, Hans =245 ##$$a Waspadai diabetes-kolesterol, hipertensi, Bagaimana makan banyak tetap umur panjang dan lebih sehat, Hans Diehl; Penterjemah Wanarni Budiati; editor EE Saerang =260 ##$$a 2004 $b Bandung =300 ##$$a 222 hlm, ilus, 21 cm =650 ##$$a Diabetes =700 ##$$a Budiati, Winarni =850 ##$$a NBPNMAT =990 ##$$a 93687/BPAP-NTB/2014 =990 ##$$a 46394639 =990 ##$$a 01201804639 =990 ##$$a 93687/BPAP-NTB/2014